000 00752nam a22002417a 4500
003 dpl
005 20180818124110.0
008 180818b xxu||||| |||| 00| 0 eng d
010 _aB-031676
020 _c0.00
_a8187336552
035 _aB-031676
037 _bBPPD/PUB
040 _aDPL
_bEN
_c0
082 _a070.4
_bBAL
100 _aBalsara, Rati
245 _aThe working journalist's guide to substance and style /
_cRati Balsara
260 _aNew Delhi
_bDominant Publishers and Distributors
_c2000
270 _a199/5, C.B. Mag, Moujpur
_bNew Delhi
_e110053
300 _a277p.
_c24cm(Hb)
650 _aEvolution --Development
_939767
650 _aCommunication--Social action
_939768
942 _2ddc
_cEN
_h070.4
_mBAL
999 _c156014
_d156014